000 00519nam a22002057a 4500
003 LK-CoDNM
005 20241120145444.0
008 241119b |||||||| |||| 00| 0 eng d
040 _aLK-CoDNM
_dLK-CoDNM
_eLK-CoDNM
041 _aeng
080 _aPB
_bE4.2
245 _aThe Buddhist 1954 Octomber
_bNo:6
250 _aSila Pannanato Jayam
260 _c1954
_aColombo
_bY.M.B.A
300 _a16p. : ill , 27 cm
490 _vVol xxv
650 _aPBE4.2
650 _aThe Buddhist 1954 Octomber
942 _cBK
999 _c231419
_d231419